=LDR 00000nam 2200000 4500 =001 INLIS000000000015345 =005 20130612110626 =008 ***********************************Ind** =035 ##$$0010-061300000015345 =041 ##$$a Ind =082 ##$$a 628.11 =090 ##$$a 628.11, SET-t =100 ##$$a Sutrisno, Totok-s =245 ##$$a Teknologi Penyediaan Air Bersih, C.Totok Sutrisno, Eni Suciastuti =260 ##$$a 1991 $b Jakarta =300 ##$$a VII, 97 hlm, Ilus, 21 cm =650 ##$$a Air Bersih =700 ##$$a Suciastuti, Eni =850 ##$$a NBPNMAT